000 00658nam a22001937a 4500
999 _c192797
_d192797
005 20221004150032.0
010 _aENG-135298
020 _c250.00
_a9789389146462
035 _aEN-118830
037 _bDBAD/PUB
082 _a330.0954
245 _aInformal Sectors in the Economy:Pertinent Issues/
_cedited by Sindhu P.J.[and] Nithin Thomas
260 _aTamil Nadu
_bShanlax Publications
_c2019
270 _a61,66 T.P.K.Main Road Vasantha Nagar Madurai,
_bTamil Nadu
_e625003
300 _a135p.
_c22cm(pbk)
500 _aIncludes bibliographical references and index
700 _aThomas,Nithin
942 _2ddc
_cEN
_mINF
_h330.0954